000 00314nam a22001337a 4500
082 _a510
_bSUN/M
100 _aSUNDHARARAJAN, SAROJA
245 _aMATHS AHEAD -6
246 _aMATHS AHEAD -6
_bMATHS AHEAD -6
260 _aHYDERABAD
_bORIENT BLACK SWAN
_c2024
300 _a248
650 _aMATHEMATICS
942 _cBK
999 _c8934
_d8934